000 00888nam a2200241Ia 4500
003 OSt
005 20221005112856.0
006 a|||||r|||| 00| 0
007 ta
008 221004b |||||||| |||| 00| 0 pan d
020 _c300
024 _a105169
037 _b513, 02/02/2011, H.K. Prakashan
_cTextual
040 _aCRL
_cCRL
_bpan
041 _2pan
_apan
082 _aV236:21wL80, 153P2
100 _aਗਿਲ, ਮਹਿੰਦਰ ਕੌਰ, ਥਦ।
_9624443
245 0 _aਸਰਕਾਰ ੑ ਏ ੑ ॥ਾਲਸਾ
_b ਮਹਾਰਾਜਾ ਰਣਜੀਤ ਸਿੰਘ
260 _aਦਿੱਲੀ
_bਐਮ. ਪੀ. ਪ੍ਰਕਾਨ ਭਾਰਤ
_c2002
300 _a256ਪੰ
_ccm.
942 _hV236:21wL80, 153P2
_cTEXL
_2cc
999 _c1026281
_d1026281